zpět

Detail výsledku týmu

Pěkná brynda ST, Beroun

Datum a čas kvízu

36 Celkem bodů Celkový počet nahraných bodů na tomto kvízu bez doplňovacích otázek.
4. Pořadí na kvízu Konečné umístění týmu na tomto kvízu.

Zaznamenané odpovědi

# Otázka Odpověď Body Výsledky
1. V sobotu proběhlo v katedrále... Stanislav Přibyl 0
2. Minulý týden jsme se dozvěděli... penisy 1
3. Jako recesi se senátor Lumír A... Karla Gotta 1
4. Španělští archeologové objevil... B 0
5. Minulý týden se vyhlašovaly v... Aryna Sabalenka, Carlos Alcaraz 0.5
6. Vědci v minulosti několikrát t... D) 0
7. Světová zdravotnická organizac... o Gruzii 1
8. V červenci 2025 Senát schválil... 3 (2 a 4 za půl bodu) 0
9. Na které z fotografií se nachá... A) 1
10. Velení wehrmachtu si před začá... pervitin 1